Illustrated glossary of rice processing machines = glossaire illustre des machines pour lusinage du riz /
| Main Author: | |
|---|---|
| Other Authors: | |
| Format: | Book |
| Language: | English French Spanish German Italian |
| Published: |
Rome :
Food and Agriculture Organization of the United Nations,
1979.
|
| Edition: | 2nd ed. |
| Series: | FAO agricultural services bulletin ;
37. |
| Subjects: |
MARC
| Tag | First Indicator | Second Indicator | Subfields |
|---|---|---|---|
| LEADER | 00000cam a2200000 a 4500 | ||
| 001 | in00000075793 | ||
| 005 | 20151008054848.0 | ||
| 008 | 800527s1979 it a i00010 eng d | ||
| 020 | |a 9250007841 | ||
| 035 | |a (OCoLC)06361203 | ||
| 035 | |9 AAJ1895AM | ||
| 040 | |a UUM |c UUM |d m.c. |d TXA |d UtOrBLW | ||
| 041 | 0 | |a eng |a fre |a spa |a ger |a ita | |
| 049 | |a TXAM |c [1481880] | ||
| 090 | |a SB191.R5 |b B65 1979 | ||
| 100 | 1 | |a Borasio, L. |q (Luigi) | |
| 245 | 1 | 0 | |a Illustrated glossary of rice processing machines = |b glossaire illustre des machines pour lusinage du riz / |c L. Borasio, F. Gariboldi. |
| 246 | 3 | 1 | |a Glossaire illustre des machines pour lusinage du riz |
| 250 | |a 2nd ed. | ||
| 264 | 1 | |a Rome : |b Food and Agriculture Organization of the United Nations, |c 1979. | |
| 300 | |a x, 95 pages : |b illustrations ; |c 28 cm. | ||
| 336 | |a text |b txt |2 rdacontent | ||
| 337 | |a unmediated |b n |2 rdamedia | ||
| 338 | |a volume |b nc |2 rdacarrier | ||
| 490 | 1 | |a FAO agricultural services bulletin ; |v 37 | |
| 500 | |a Text in English, French, Spanish, German, and Italian. | ||
| 650 | 0 | |a Rice |x Processing |x Machinery. | |
| 700 | 1 | |a Gariboldi, F. | |
| 830 | 0 | |a FAO agricultural services bulletin ; |v 37. | |
| 999 | |a MARS | ||
| 999 | f | f | |s 53f6c751-f38d-37ca-9bfc-863b1178ebd6 |i 05e93598-bf52-399a-a9ac-06690b34e817 |t 0 |
| 952 | f | f | |p ric |a Texas A&M University |b Rellis Campus |c Joint Library Facility |d Remote Storage |t 0 |e SB191.R5 B65 1979 |h Library of Congress classification |i unmediated -- volume |m A14806235202 |
| 998 | f | f | |a SB191.R5 B65 1979 |t 0 |l Remote Storage |